Writing your dissertation in fifteen minutes a day: a guide to starting, revising, and finishing your doctoral thesis (Record no. 9962)
[ view plain ]
| 000 -LEADER | |
|---|---|
| fixed length control field | 00521 a2200157 4500 |
| 020 ## - INTERNATIONAL STANDARD BOOK NUMBER | |
| International Standard Book Number | 080504891X |
| 090 ## - LOCALLY ASSIGNED LC-TYPE CALL NUMBER (OCLC); LOCAL CALL NUMBER (RLIN) | |
| -- | 6129 |
| -- | 6129 |
| 100 1# - MAIN ENTRY--PERSONAL NAME | |
| Personal name | Bolker, Joan. |
| 245 10 - TITLE STATEMENT | |
| Title | Writing your dissertation in fifteen minutes a day: a guide to starting, revising, and finishing your doctoral thesis |
| Statement of responsibility, etc. | Joan Bolker. |
| 260 ## - PUBLICATION, DISTRIBUTION, ETC. | |
| Place of publication, distribution, etc. | New York : |
| Name of publisher, distributor, etc. | H. Holt, |
| Date of publication, distribution, etc. | 1998. |
| 300 ## - PHYSICAL DESCRIPTION | |
| Extent | xix, 184 p. ; |
| Dimensions | 21 cm. |
| 650 #0 - SUBJECT ADDED ENTRY--TOPICAL TERM | |
| Topical term or geographic name entry element | Dissertations, Academic |
| General subdivision | Authorship. |
| 650 #0 - SUBJECT ADDED ENTRY--TOPICAL TERM | |
| Topical term or geographic name entry element | Report writing. |
| 650 #0 - SUBJECT ADDED ENTRY--TOPICAL TERM | |
| Topical term or geographic name entry element | Academic writing. |
| 942 ## - ADDED ENTRY ELEMENTS (KOHA) | |
| Koha item type | Book |
| Call number prefix | 808.066378 BOL |
| Withdrawn status | Lost status | Damaged status | Not for loan | Collection code | Permanent Location | Current Location | Shelving location | Date acquired | Source of acquisition | Cost, normal purchase price | Total Checkouts | Full call number | Barcode | Date last seen | Date last checked out | Price effective from | Koha item type |
|---|---|---|---|---|---|---|---|---|---|---|---|---|---|---|---|---|---|
| Central Library (CL) | Central Library (CL) | General Stacks | 12/27/2002 | Progressive International Agencies | 1032.70 | 2 | 808.066378 BOL | SEECS002876 | 04/19/2026 | 09/12/2025 | 01/05/2017 | Book |
